Del empleo terapéutico de la peptona-fosfatada en la tuberculosis y en las enfermedades de consunción / (Record no. 156494)

MARC details
000 -LEADER
campo de control de longitud fija 00753nam a22001932i 4500
001 - NÚMERO DE CONTROL
campo de control 156494
003 - IDENTIFICADOR DE NÚMERO DE CONTROL
campo de control ES-MaACL
005 - FECHA Y HORA DE LA ÚLTIMA TRANSACCIÓN
campo de control 20230906210425.0
008 - DATOS DE LONGITUD FIJA--INFORMACIÓN GENERAL
campo de control de longitud fija 940720s1892 fr |||| | spa d
040 ## - FUENTE DE CATALOGACIÓN
Centro catalogador/agencia de origen CAT
Lengua de catalogación spa
Centro/agencia transcriptor CAT
Centro/agencia modificador CCPB
080 ## - NÚMERO DE LA CLASIFICACIÓN DECIMAL UNIVERSAL
Número de la Clasificación Decimal Universal 615
100 1# - ENTRADA PRINCIPAL--NOMBRE DE PERSONA
Nombre de persona Judet, A.
9 (RLIN) 128390
245 10 - MENCIÓN DEL TÍTULO
Título Del empleo terapéutico de la peptona-fosfatada en la tuberculosis y en las enfermedades de consunción /
Mención de responsabilidad, etc. por el doctor A. Judet ; seguido de un extracto de la Gaceta de los Hospitales.
260 ## - PUBLICACIÓN, DISTRIBUCIÓN, ETC.
Lugar de publicación, distribución, etc. Paris :
Nombre del editor, distribuidor, etc. 49, Rue de Maubeuge,
Fecha de publicación, distribución, etc. 1892.
300 ## - DESCRIPCIÓN FÍSICA
Extensión 8 p. ;
Dimensiones 21 cm.
650 #4 - PUNTO DE ACCESO ADICIONAL DE MATERIA--TÉRMINO DE MATERIA
Término de materia o nombre geográfico como elemento de entrada Tuberculosis-
Subdivisión general Tratamiento.
9 (RLIN) 151845
852 ## - LOCALIZACIÓN
Ubicación ES-MaACL
Número de control de estantería T-716-F-4
Nota libre -- Enc. hol., conservando la enc. editorial
-- -- Enc. en un vol. facticio
Holdings
Estatus retirado Estado de pérdida Estado de daño No para préstamo Colección Biblioteca de origen Biblioteca actual Ubicación en estantería Fecha de adquisición Total de préstamos Signatura topográfica completa Código de barras Visto por última vez Precio de reemplazo Tipo de ítem Koha
        Colección de folletos Biblioteca del Ateneo de Madrid Biblioteca del Ateneo de Madrid Depósito folletos 17/01/2008   T-716-F-4 1163726 23/02/2023 23/02/2023 Folleto